The Malayan emergency : the commonwealth's wars 1948-1966

Bibliographic Details
Main Author: Jackson, Robert
Format: Book
Published: London : Routledge , 1991
Subjects:

MARC

LEADER 00000cam a2200000 7i4500
001 0000003191
002 000003447
005 20080111.0
020 |a 041504183X 
090 0 0 |a 959.504   |b JAC 
100 1 |a Jackson, Robert 
245 1 4 |a The Malayan emergency :   |b the commonwealth's wars 1948-1966   |c Robert Jackson 
260 |a London :   |b Routledge ,   |c 1991 
300 |a 156p. ;   |c 24cm. 
651 0 |a Borneo   |x History 
651 0 |a Malaya   |x History   |x Malayan emergency   |y 1948-1960 
999 |a 036789   |b BUKU   |c MALAYSIANA   |e PERPUSTAKAAN KOMUNITI PETALING JAYA